000 00905cam a22002654a 4500
001 11940003
003 ARRUPE
005 20140903020007.0
008 000313s1999 sz b 000 0 eng
010 _a 00309576
020 _a2825413194
040 _aDLC
_cDLC
_dDLC
042 _apcc
050 0 0 _aJC571
_b.G625 1999
100 1 _aGoldewijk, Berma Klein.
_92096
245 1 0 _aWhere needs meet rights :
_beconomic, social and cultural rights in a new perspective /
_cBerma Klein Goldewijk and Bas de Gaay Fortman.
260 _aGeneva :
_bWSC Publications,
_cc1999.
300 _axiv, 146 p. ;
_c21 cm.
504 _aIncludes bibliographical references.
650 0 _aHuman rights.
_92097
700 1 _aGaay Fortman, Bastiaan de.
_92098
906 _a7
_bcbc
_corigres
_d3
_encip
_f20
_gy-gencatlg
942 _2lcc
_cMONOGRAPH
_01
999 _c118244
_d118244